| 000 | 01207cam a2200361 i 4500 | ||
|---|---|---|---|
| 001 | 18459875 | ||
| 003 | USPCAS-E | ||
| 005 | 20180118181423.0 | ||
| 008 | 150123s2015 pk b 001 0 eng | ||
| 010 | _a 2014363655 | ||
| 020 | _a9789699556111 | ||
| 028 | _aemel publication | ||
| 040 |
_aDLC _beng _cDLC _erda _dDLC |
||
| 042 |
_alcode _apcc |
||
| 043 |
_aa-cc--- _aa-ii--- |
||
| 050 | 0 | 0 |
_aDS450.C5 _bM35 2015 |
| 082 |
_aDS450.C5 _bNAD-I 2015 |
||
| 100 | 1 | _aMalik, Nadeem Shafiq. | |
| 245 | 1 | 0 |
_aIndia vs China : _ba review of the Aksai Chin border dispute / _cDr. Nadeem Shafiq Malik. |
| 246 | 3 | _aIndia versus China | |
| 260 |
_aIslamabad: _bemel publication; _c2015. |
||
| 300 |
_a184 pages ; _c25 cm. |
||
| 502 | _a. | ||
| 504 | _aIncludes bibliographical references (pages 155-174) and index. | ||
| 651 | 0 |
_aIndia _xBoundaries _zChina. |
|
| 651 | 0 |
_aChina _xBoundaries _zIndia. |
|
| 651 | 0 |
_aIndia _xForeign relations _zChina. |
|
| 651 | 0 |
_aChina _xForeign relations _zIndia. |
|
| 856 | 4 | 1 |
_3Table of contents only _uhttp://www.loc.gov/catdir/toc/fy16pdf01/2014363655.html |
| 906 |
_a7 _bcbc _corigode _d3 _encip _f20 _gy-gencatlg |
||
| 942 |
_2ddc _cBK |
||
| 999 |
_c356088 _d356088 |
||